Bundesliga Trivia: Borussia Dortmund - Statistics

General Stats
  • This quiz has been taken 79 times
    40 since last reset
  • The average score is 12 of 15
Answer Stats
Question Hint Answer % Correct
Number of Bundesliga titles 5
100%
Most recent Bundesliga title 2012
97%
Record arrival 35 Mio € Ousmane Dembele
95%
Record departure 135 Mio € Ousmane Dembele
95%
Number of International Trophies 3
92%
Stadium Signal Iduna Park
92%
Founded in... 1909
89%
Most losses against... 54 losses Bayern Munich
86%
Most recent international trophy 1997
81%
Coach with the most games 318 matches Jürgen Klopp
81%
In the german First Division since... Bundesliga started in 1963 1976
68%
Record player 463 games Michael Zorc
54%
Coach with the most points per game 2.12 points in 107 matches Thomas Tuchel
54%
Most wins against... 51 wins Eintracht Frankfurt
46%
Top goal scorer 135 goals Manfred Burgsmüller
22%
No matching quizzes found
Score Distribution
Percent of People with Each Score
Percentile by Number Answered
Your Score History
You have not taken this quiz since the last reset